000 01452cam a22003857a 4500
003 CHAP
005 20220329142014.0
008 990201s1998 mx a r 00010 spa d
010 _a76951
011 _a77923
035 _a87698
040 _cCHAP
090 _aTesis
100 0 0 _aCoutiño Onivar, José Manuel.
_928675
245 1 3 _aLa actividad bananera de exportación en la región del Soconusco, Chiapas, estudio de caso:
_banálisis de una sociedad de producción rural
_c/por José Manuel Coutiño Onivar
260 _aChapingo, Méx. :
_bEl autor,
_c1998
300 _a109 h. :
_bgráfs., mapas
502 _aTesis (Ing. Agr. Esp. en Fitotecnia) -- UACH. Departamento de Fitotecnia
590 _aALEPH
_b10
_c20130110
_lUCH01
_h1427
590 _aBATCH-UPD
_b10
_c20130110
_lUCH01
_h0113
590 _aBATCH-UPD
_b10
_c20130110
_lUCH01
_h0747
590 _aBATCH-UPD
_b10
_c20130409
_lUCH01
_h2105
590 _aBATCH-UPD
_b10
_c20130410
_lUCH01
_h0427
590 _aBATCH-UPD
_b10
_c20130914
_lUCH01
_h1055
590 _aCONVERSION
_b10
_c20130109
_lUCH01
_h1342
650 1 4 _aPlátano
_xChiapas.
_989218
650 1 4 _aPlátano
_xExportación.
_989236
650 1 4 _aPlátano
_xMercadeo.
_989252
901 _aBK
905 _aLilia Sánchez G.
942 _cFOLL
949 _bBC
_cTES
_d33724000711750
_eTS2
_fc.2
_h33397
_i87698
_si
949 _bBC
_cTES
_d33724000760724
_eTS2
_fc.3
_h35875
_i87698
_si
949 _bBC
_cTES
_d876981
_eTS1
_h33396
_i87698
_sb
999 _c76951
_d76951